| 000 | 00503nam a22001817a 4500 | ||
|---|---|---|---|
| 003 | 0 | ||
| 005 | 20240108133508.0 | ||
| 008 | 240108b xxu||||| |||| 00| 0 eng d | ||
| 020 | _a978-0-5450-2137-1 | ||
| 050 |
_aFIC _bSt5 2006 |
||
| 082 |
_aFIC _bSt5 2006 |
||
| 100 | _aStilton, Geronimo | ||
| 245 |
_aThe race across america _cGeronimo Stilton |
||
| 260 |
_aNew York _bScholastic, Inc. _cc2006. |
||
| 300 |
_a110 pages : _bcolored illustrations ; _c20cm. |
||
| 650 | _aFiction. | ||
| 942 |
_2ddc _cBK |
||
| 999 |
_c365815 _d365815 |
||